| 000 | 01570cam a2200361 a 4500 | ||
|---|---|---|---|
| 001 | EDZ0000063588 | ||
| 003 | StDuBDS | ||
| 005 | 20161031105159.0 | ||
| 006 | m||||||||d|||||||| | ||
| 007 | cr ||||||||||| | ||
| 008 | 120315s2003 enk fo| 001|0|eng d | ||
| 020 |
_a9781452229782 (ebook) : _cNo price |
||
| 040 |
_aStDuBDS _beng _cStDuBDS _epn |
||
| 049 | _aAlfaisal Main Library | ||
| 050 | 0 |
_aBR563.N4 _bT387 2003 |
|
| 082 | 0 | 4 |
_a200.8996073 _223 |
| 100 | 1 |
_aTaylor, Robert J. _q(Robert Joseph), _d1917-2004. |
|
| 245 | 1 | 0 |
_aReligion in the lives of African Americans _h[electronic resource] : _bsocial, psychological, and health perspectives / _cRobert Joseph Taylor, Linda M. Chatters, Jeff Levin. |
| 260 |
_aLondon : _bSAGE, _c2003. |
||
| 300 | _a1 online resource (xvii, 300 p.) | ||
| 520 | 8 | _aDeriving conclusions from the National Survey of Black Americans & other surveys, this text examines issues of religious involvement, the functions of religion, & the relationships between religion & physical & mental health & well-being. | |
| 521 | _aSpecialized. | ||
| 588 | _aDescription based on print version record. | ||
| 504 | _aIncludes bibliographical references and index. | ||
| 650 | 0 |
_aAfrican Americans _xReligion. |
|
| 655 | 7 |
_aElectronic books. _2local |
|
| 700 | 1 | _aChatters, Linda M. | |
| 700 | 1 | _aLevin, Jeffrey S. | |
| 710 | 2 | _aSage eBooks | |
| 776 | 0 | 8 |
_iPrint version : _z9780761917090 |
| 856 | 4 | 0 | _uhttp://ezproxy.alfaisal.edu/login?url=http://sk.sagepub.com/books/religion-in-the-lives-of-african-americans |
| 942 |
_2lcc _cEBOOKS |
||
| 999 |
_c481080 _d481080 |
||